| 000 | 00410pab a2200157 454500 | ||
|---|---|---|---|
| 008 | 180718b2005 xxu||||| |||| 00| 0 eng d | ||
| 100 | _aDas, S.C. | ||
| 245 | _aCorporate governance in United Kingdom (UK) | ||
| 260 | _c2005 | ||
| 300 | _ap.366-74. | ||
| 362 | _aMay | ||
| 650 | _aCorporate governance - Great Britain | ||
| 650 | _aCorporate governance | ||
| 773 | _aManagement Accountant | ||
| 909 | _a65074 | ||
| 999 |
_c65074 _d65074 |
||